00387pab a2200145 454500008004000000100002700040245006400067260000900131300001400140362001200154650002800166650001100194700001900205773001700224180718b2003 xxu||||| |||| 00| 0 eng d aMohanta, Basanta Kumar aA look into the indigenous metal craft technology in Orissa c2003 ap.207-70. aJan-Jun aMetals - India - Orissa aMetals aSahoo, Daitari aMan in India